000 00701nam a2200229Ia 4500
003 OSt
005 20220918111959.0
006 a|||||r|||| 00| 0
007 ta
008 220915b |||||||| |||| 00| 0 hin d
024 _a215386
037 _cTextbook
040 _bhin
_aARTS
_cARTS
041 _ahin
082 _aO9v:2, 152J9(TTPH)
100 _aत्रिपाठी, राममूर्ति
_91697
245 0 _aभारतीय साहित्य दर्शन
246 _aBhāratīya sāhitya darshana
260 _c1959
942 _hO9v:2, 152J9(TTPH)
_cTB
_2CC
999 _c117686
_d117686